书目信息 |
| 题名: |
守望学校艺术教育
|
|
| 作者: | 陆振权 著 | |
| 分册: | ||
| 出版信息: | 长春 东北师范大学出版社 2020 |
|
| 页数: | 198页 | |
| 开本: | 24cm | |
| 丛书名: | 名师名校名校长书系 | |
| 单 册: | ||
| 中图分类: | G633.950.2 , G633.9 | |
| 科图分类: | ||
| 主题词: | 艺术教育--教学研究--高中 | |
| 电子资源: | ||
| ISBN: | 978-7-5681-7329-2 | |
| 000 | 00898oam2 2200253 450 | |
| 001 | 2376190575 | |
| 005 | 20231022211001.69 | |
| 010 | @a978-7-5681-7329-2@dCNY45.00 | |
| 100 | @a20210107d2020 em y0chiy50 ea | |
| 101 | 0 | @achi |
| 102 | @aCN@b220000 | |
| 105 | @ay z 000yy | |
| 200 | 1 | @a守望学校艺术教育@Ashou wang xue xiao yi shu jiao yu@f陆振权著 |
| 210 | @a长春@c东北师范大学出版社@d2020 | |
| 215 | @a198页@d24cm | |
| 225 | 1 | @a名师名校名校长书系 |
| 330 | @a本书是作者多年接受艺术教育经验及各种学习心得加以整理形成的一份概要总结,书中内容有的是作者的教学思考和实验,有的是作者对于艺术教育的一种“教育叙事”,还有的是作者大量读书笔记的摘选。 | |
| 410 | 0 | @12001 @a名师名校名校长书系 |
| 606 | 0 | @a艺术教育@x教学研究@x高中 |
| 690 | @aG633.950.2@v5 | |
| 690 | @aG633.9@v4 | |
| 701 | 0 | @a陆振权@Alu zhen quan@f(1970-)@4著 |
| 801 | 0 | @aCN@b91MARC@c20210508 |
| 905 | @aZUCC@dG633.9@e3 | |
| 守望学校艺术教育/陆振权著.-长春:东北师范大学出版社,2020 |
| 198页;24cm.-(名师名校名校长书系) |
| ISBN 978-7-5681-7329-2:CNY45.00 |
| 本书是作者多年接受艺术教育经验及各种学习心得加以整理形成的一份概要总结,书中内容有的是作者的教学思考和实验,有的是作者对于艺术教育的一种“教育叙事”,还有的是作者大量读书笔记的摘选。 |
| ● |
| 相关链接 |
|
|
|
正题名:守望学校艺术教育
索取号:G633.9/3
 
预约/预借
| 序号 | 登录号 | 条形码 | 馆藏地/架位号 | 状态 | 备注 |
| 1 | 2001033939 | 2001033939 | 第四书库/四8架A面4层2列/ [索取号:G633.9/3] | 在馆 | |
| 2 | 2001033940 | 2001033940 | 第四书库/四8架A面4层2列/ [索取号:G633.9/3] | 在馆 | |
| 3 | 2001033941 | 2001033941 | 第四书库/四8架A面4层2列/ [索取号:G633.9/3] | 在馆 | |
| 4 | 2001033942 | 2001033942 | 第四书库/四8架A面4层2列/ [索取号:G633.9/3] | 在馆 | |
| 5 | 2001033943 | 2001033943 | 第四书库/四8架A面4层2列/ [索取号:G633.9/3] | 在馆 | |
| 6 | 2001033944 | 2001033944 | 第四书库/四8架A面4层2列/ [索取号:G633.9/3] | 在馆 |